50 biggest cities in Asia starting with a vowel (with map) - Statistics

General Stats
  • This quiz has been taken 283 times
    268 since last reset
  • The average score is 23 of 50
Answers on the Map
Answers color-coded by a green-red scale on the quiz's map according to % correct below.
 
Answer Stats
City Population % Correct
Ankara 5,117,603
97%
Istanbul 15,190,336
97%
Osaka 19,165,340
96%
Abu Dhabi 1,482,816
95%
Amman 2,148,293
95%
Izmir 2,992,953
93%
Ulaanbaatar 1,584,358
93%
Ahmedabad 8,059,441
92%
Islamabad 1,129,198
90%
Almaty 1,895,742
88%
Aleppo 1,916,781
87%
Ürümqi 4,368,865
86%
Agra 2,210,246
80%
Antalya 1,253,872
79%
Isfahan/Esfahan 2,132,037
79%
Aden 980,455
77%
Ashgabat 846,255
75%
Incheon 2,801,039
73%
Adana 1,770,850
65%
Omsk 1,182,339
65%
Erbil 846,374
64%
Irkutsk 638,843
59%
Indore 3,016,713
58%
Amritsar 1,377,371
55%
Ulsan 910,330
45%
Ahvaz 1,244,250
35%
Allahabad 1,393,723
33%
Okayama 724,696
32%
Anyang 1,460,114
29%
Aurangabad 1,558,412
26%
Eskişehir 783,669
22%
Ipoh 813,553
20%
Asansol 1,431,260
19%
Aligarh 1,210,554
18%
Ansan 760,764
16%
Ezhou 668,405
12%
Ibb 648,889
12%
Urmia 793,044
10%
Ajmer 613,617
9%
Al Hudaydah 668,899
9%
Amravati 752,189
8%
Antipolo 881,018
7%
Erode 634,977
7%
Ordos/Erduosi 706,657
7%
Amarah 655,663
6%
Anqing 726,950
6%
Ar Rayyan 737,903
6%
Ad Dammam 1,252,523
3%
Ankang 636,293
3%
Anqiu 682,299
3%
No matching quizzes found
Score Distribution
Percent of People with Each Score
Percentile by Number Answered
Your Score History
You have not taken this quiz since the last reset